Online Catalogue and eLibrary

Kanganies in Sri Lanka and Malaysia (Record no. 2695)

MARC details
000 -LEADER
fixed length control field 00356nam a2200157Ia 4500
005 - DATE AND TIME OF LATEST TRANSACTION
control field 20240506020937.0
008 - FIXED-LENGTH DATA ELEMENTS--GENERAL INFORMATION
fixed length control field 240331s9999 xx 000 0 und d
020 ## - INTERNATIONAL STANDARD BOOK NUMBER
ISBN 3928112635
082 ## - DDC Classification
Item Number - Author Mark HEI
Class No. 331.6
100 ## - MAIN ENTRY--PERSONAL NAME
Personal name Heidemann, Frank
245 #0 - TITLE STATEMENT
Title Kanganies in Sri Lanka and Malaysia
260 ## - PUBLICATION, DISTRIBUTION, ETC.
Place of publication, distribution, etc.
300 ## - PHYSICAL DESCRIPTION
Extent (e.g. Volumes, Pages etc.) 110 p .,
650 ## - SUBJECT ADDED ENTRY--TOPICAL TERM
Topical term or geographic name entry element Laws
942 ## - Koha item type (Biblio)
Koha item type Books in Stacks (Lending)
Holdings
Lost status Damaged status Collection code Home library Current library Shelving location Date acquired Full call number Accession Number Item type
    Lending WERC Library WERC Library Social Science Cupboard 03/31/2024 331.6 HEI 5071 Books in Stacks (Lending)

© WERC Library